LEADER 01544nam a2200337 a 4500 001 000000125795 003 CaOOAMICUS 005 20110622114120.0 008 110622s2011 it u000 u ita r 020 $a978-88-372-2435-6 040 $aPUL$bita 082 04$a189.2 245 00$aAgostino nella modernità :$bil grand siècle (e dintorni) /$cDomenico Bosco (ed.) ; scritti di Francesco di Sales ... [et al.]. 260 $aBrescia :$bMorcelliana,$c©2011. 300 $a1093 p. ;$c21 cm. 490 1 $aFilosofia. Testi e studi ;$v22 504 $aInclude riferimenti bibliografici ed indice. 600 04$aAugustinus,$cs., vesc. d'Ippona,$d354-430.$0(OLS)http://pul/subject/758 700 1 $aBosco, Domenico,$d1950-$0(OLS)http://pul/name/3199 700 0 $aFranciscus Salesius,$cs.,$d1567-1622.$0(OLS)http://pul/name/21121 830 0$aFilosofia (Morcelliana)$pTesti e Studi ;$v22.$0(OLS)http://pul/title/148210 850 $aPUL 852 $aPUL$W1$xSL Filosofia 3$y81$m189. 2 BOSDO 1$j144902$qDDC 21$B143911$CPULBib$Z2$F143911 $H117428 $82 900 $aFrancesco di Sales,$cs.$d1567-1622$921121 941 1 $a9 960 $aAgostino,$cs., vesc. d'Ippona,$d354-430$9758 996 $6020$a978-88-372-2435-6$9(OLS)http://pul/number/147555 996 $6082$a189.2$9(OLS)http://pul/classification/691 996 $6245$aAgostino nella modernità :$bil grand siècle (e dintorni)$9(OLS)http://pul/title/158731 996 $6260$aBrescia :$bMorcelliana$9(OLS)http://pul/publisher/47854 LEADER 01838namaa2200409 i 4500 001 000000177706 003 CaOOAMICUS 005 20250429112534.0 007 tu 008 250429s2007 it 000 u ita r 020 $a978-88-06-18791-0* 040 $aPUL$bita$erda 082 0 $a101.4 100 1 $aAdorno, Theodor Wiesengrund,$d1903-1969,$eautore.$0(OLS)http://pul/name/506 240 10$aPhilosophische Terminologie.$lItaliano.$0(OLS)http://pul/title/219240 245 10$aTerminologia filosofica /$cTheodor W. Adorno ; traduzione di Anna Solmi, prefazione di Stefano Petrucciani. 264 4$c©2007. 264 1$aTorino :$bGiulio Einaudi,$c[2007] 300 $aXXIV, 524 pagine ;$c20 cm 336 $atesto$btxt$2rdacontent 337 $asenza mediazione$bn$2rdamedia 338 $avolume$bnc$2rdacarrier 490 1 $aPiccola Biblioteca Einaudi. Nuova serie ;$v363 504 $aBibliografia in nota a piè pagina. 650 4$aFilosofia$xTerminologia.$0(OLS)http://pul/subject/28096 700 1 $aSolmi Marietti, Anna,$etraduttore.$0(OLS)http://pul/name/9237 700 1 $aPetrucciani, Stefano,$d1953-,$eautore di introduzione.$0(OLS)http://pul/name/40954 830 0$aPiccola biblioteca Einaudi.$pNuova serie$pFilosofia ;$v363.$0(OLS)http://pul/title/142964 850 $aPUL 852 $aPUL$W1$xSL Filosofia 3$y81$m101. 4 ADOTH 1$j201642$qDDC 21$B206684$CPULBib$Z2$F206684 $H137807 $82 941 1 $a9 996 $6020$a978-88-06-18791-0*$9(OLS)http://pul/number/170314 996 $6082$a101.4$9(OLS)http://pul/classification/3579 996 $6245$aTerminologia filosofica$9(OLS)http://pul/title/219239 996 $6264$aTorino :$bGiulio Einaudi$9(OLS)http://pul/publisher/54573 996 $6264$a[S.l.] :$b[s.n.]$9(OLS)http://pul/publisher/0